000 00620nam a2200229Ia 4500
003 OSt
005 20220924114811.0
006 a|||||r|||| 00| 0
007 ta
008 220923b |||||||| |||| 00| 0 ara d
024 _a341964
037 _cTextual
040 _aARTS
_cARTS
_bara
041 _2ara
_aara
082 _aQ7wD572, 28M2
100 _aAqqad Abbas Mehmood Au.
_9175447
245 0 _aAbqariah al-siddeeq
260 _aCairo
_bDarul muarif Misr
_c1982
650 _aISLAM
_9577
942 _hQ7wD572, 28M2
_cTEXL
_2CC
999 _c395353
_d395353